00649 2200229 4500001002100000005001700021008004100038020002400079035002400103082000800127090001300135100003100148245008000179250001000259260003100269300001900300650002000319700002000339990002000359990002000379990002000399YOGYA-0411000000170220110420083738.0 ind  a979 - 963 - 675 - 2 0010-041100000001702 a813 a813bAlk aAl - Krienchichie, Irwanto aGerimis di atas sejadah / Irwanto Al - Krienchichie ; editor Nurul Khotimah aCet 1 aJogjakartaaGarailmuc2009 a252 hlmc20 cm aFiksi Indonesia aKhotimah, Nurul a51165 - PD/ B10 a51166 - PD/ B10 a51166 - PD/ B10